Formule 1 - Vainqueurs de Grand Prix de A à Z - Statistiques

Statistiques générales
  • Ce quiz a été pris 407 fois
  • Le résultat moyen est 14 sur 20
Statistiques - réponses
Lettre # Pilote(s) % Correct
H 10 Hamilton, Hill D., Häkkinen, ...
99%
P 10 Prost, Piquet, Peterson, ...
97%
V 6 Verstappen, Vettel, Villeneuve J., ...
96%
S 10 Schumacher M., Senna, Stewart, ...
95%
R 12 Rosberg N., Räikkönen, Reutemann, ...
93%
A 6 Alonso, Ascari, Andretti ...
92%
B 13 Button, Brabham, Barrichello, ...
91%
L 3 Lauda, Leclerc, Laffite
84%
F 7 Fangio, Fittipaldi, Farina, ...
83%
M 8 Mansell, Moss, Massa, ...
80%
G 5 Gurney, Gonzalez, Gasly, ...
75%
O 1 Ocon
72%
N 3 Norris, Nilsson, Nannini
70%
C 4 Clark, Coulthard, Collins, ...
58%
W 4 Webber, Watson, Ward, ...
53%
I 3 Ickx, Irvine, Ireland
48%
T 4 Trintignant, Tambay, Trulli,
43%
K 2 Kubica, Kovalainen
40%
J 2 Jones, Jabouille
36%
D 2 Depailler, de Angelis
17%
Aucun quiz correspondant
Distribution des résultats
% des personnes avec chaque résultat
Percentile par nombre de réponses
Votre historique - résultats
Vous n’avez pas pris ce quiz